LEADER 03191nam 22004695 450 001 9910733290303321 005 20230808014301.0 024 7 $a10.1515/9783110990461 035 $a(CKB)5840000000262785 035 $a(DE-B1597)634134 035 $a(DE-B1597)9783110990461 035 $a(EXLCZ)995840000000262785 100 $a20230808h20232023 fg 101 0 $aeng 135 $aur||||||||||| 181 $ctxt$2rdacontent 182 $cc$2rdamedia 183 $acr$2rdacarrier 200 10$aReligious Experience and Its Transformational Power $eQualitative and Hermeneutic Approaches to a Practical Theological Foundational Concept /$fSabrina Müller 210 31$aBerlin ;$aBoston : $cDe Gruyter, $d[2023] 210 1$cDe Gruyter, $d[2023] 210 4$dİ2023 215 $a1 online resource (XI, 243 p.) 311 $a3-11-099066-0 327 $tFrontmatter -- $tPreface -- $tContents -- $tList of figures -- $t1 Introduction: religious experience as a practical theological challenge -- $tPart I Sensitizing Concepts -- $tIntroduction -- $t2 ?Religious experience?: a conceptual approach -- $t3 Human existence in late modernity -- $tPart II Methodological Interlude -- $tIntroduction -- $t4 Practical theology within the horizon of qualitative social research ? Methodology -- $tPart III A Grounded Theory on the Change of the Frame of Reference through Religious Experience -- $tIntroduction -- $t5 Individual case presentation: the content of religious experience -- $t6 Excursus: Inner aspects and basic observations on the religious experiences of the cross-case and cross-group evaluation -- $t7 Processual aspects: Religious experience and the change of the personal frame of reference ? cross-case and cross-group evaluation -- $tPart IV Discussion and Outlook -- $tIntroduction -- $t8 Interpretation of the results within the horizon of the initial questions -- $t9 Experiencing the Christian perspectives of hope ? a practical theological outlook -- $t10 Bibliography -- $tRegister 330 $aThe author approaches the phenomenon 'religious experience' through a qualitative study in which young, urban people from Europe and the USA are empirically examined. It becomes clear that individuals themselves are constructive agents of experience and theology. Religious experience manifests itself as a transformative perspective of hope in the lives of young people. The study ends with a plea for a theology from below, based on liberation theology and feminist theories, in which contextual perspectives are central to practical theological theorising. 606 $aExperience (Religion)$vCase studies 606 $aPastoral theology 610 $aPractical theology. 610 $afaith. 610 $ahermeneutics. 610 $areligious experience. 615 0$aExperience (Religion) 615 0$aPastoral theology. 676 $a248 700 $aMüller$b Sabrina, $4aut$4http://id.loc.gov/vocabulary/relators/aut$01371954 801 0$bDE-B1597 801 1$bDE-B1597 906 $aBOOK 912 $a9910733290303321 996 $aReligious Experience and Its Transformational Power$93507569 997 $aUNINA LEADER 02087nam 2200517 450 001 9910705680703321 005 20170908134631.0 035 $a(CKB)5470000002451587 035 $a(OCoLC)986216843 035 $a(EXLCZ)995470000002451587 100 $a20170508j200208 ua 0 101 0 $aeng 135 $aurbn||||||||| 181 $ctxt$2rdacontent 182 $cc$2rdamedia 183 $acr$2rdacarrier 200 10$aComputing jet screech: a complex aeroacoustic feedback system /$fChing Y. Loh, Lennart S. Hultgren 210 1$aCleveland, Ohio :$cNational Aeronautics and Space Administration, Glenn Research Center,$dAugust 2002. 215 $a1 online resource (6 pages) $cillustrations 225 1 $aNASA/TM ;$v2002-211807 300 $a"August 2002." 300 $a"Prepared for the Second International Conference on Computational Fluid Dynarmcs cosponsored by NASA, Dassault Aviation, DSTO, the School of Aerospace, Mechanical, and Mechatronic Engineering, University of Sydney, and the Institution of Engineers, Sydney, Australia, July 15-19, 2002.." 300 $a"Performing organization: National Aeronautics and Space Administration, John H. Glenn Research Center at Lewis Field"--Report documentation page. 320 $aIncludes bibliographical references (page 6). 517 $aComputing jet screech 606 $aAeroacoustics$2nasat 606 $aFeedback$2nasat 606 $aNumerical analysis$2nasat 606 $aScreech tones$2nasat 606 $aNoise (sound)$2nasat 606 $aSound waves$2nasat 615 7$aAeroacoustics. 615 7$aFeedback. 615 7$aNumerical analysis. 615 7$aScreech tones. 615 7$aNoise (sound) 615 7$aSound waves. 700 $aLoh$b Ching Y$g(Ching Yuen),$f1944-$01393891 702 $aHultgren$b Lennart S$g(Lennart Sven), 712 02$aNASA Glenn Research Center, 801 0$bGPO 801 1$bGPO 906 $aBOOK 912 $a9910705680703321 996 $aComputing jet screech: a complex aeroacoustic feedback system$93466988 997 $aUNINA